LEADER 00634naa a2200145 i 4500 001 000000296741 003 CaOOAMICUS 005 20180831172551.0 008 180831n xx u000 u und u 013 $a4224 040 $aSeMil$bita 100 1 $aCattorini, Paolo Marino,$d<1956- >.$0(OLS)http://semarc/name/115274 245 10$aSofferenza, malattia, eutanasia :$briflessioni su ĢEvangelium Vitaeģ. 773 0 $aCassaro, Giuseppe$tEvangelium vitae.$dLeumann (Torino) : Elle Di Ci, 1995.$kEvangelium Vitae$z88-01-10665-3$w()47356 996 $6245$aSofferenza, malattia, eutanasia :$briflessioni su ĢEvangelium Vitaeģ$9(OLS)http://semarc/title/372791 LEADER 00612nab a2200145 i 4500 001 000000316920 003 CaOOAMICUS 005 20180831173218.0 008 180831n xx uu u0 0und r 013 $a26001 040 $aSeMil$bita 100 1 $aBiffi, Inos,$c.$0(OLS)http://semarc/name/282 245 13$aLa riforma del rito ambrosiano nel pensiero e nelle direttive dell'Arcivescovo card. Giovanni Colombo. 773 0 $t[Gennaio-Dicembre].$g367-385$w()274008 996 $6245$aLa riforma del rito ambrosiano nel pensiero e nelle direttive dell'Arcivescovo card. Giovanni Colombo$9(OLS)http://semarc/title/390912